| 000 | 00596 a2200229 4500 | ||
|---|---|---|---|
| 001 | 200002398 | ||
| 999 |
_c200002398 _d28108 |
||
| 003 | TR-AnTOB | ||
| 005 | 20230824115418.0 | ||
| 008 | 110725s2010 tu o 000 0 | ||
| 020 | _a9789758984145 | ||
| 040 | _aTR-AnTOB | ||
| 041 | _atur | ||
| 050 |
_aDS51.T55 _bA76 2010 |
||
| 090 | _aDS51.T55, A76 2010 | ||
| 100 |
_aArmağan, A. Muhsin _971513 |
||
| 245 | 0 |
_aTire ekonomi tarihi, _cA. Muhsin Armağan. |
|
| 264 | 1 |
_aİzmir: _bTire Ticaret Odası Yayını, _c2010. |
|
| 300 | _a208 s.: | ||
| 651 | 0 |
_aTire (Türkiye) _xEkonomik durum _971514 |
|
| 942 | _cBK | ||